مينا ر ا د ب (Record no. 94103)
[ view plain ]
| 000 -LEADER | |
|---|---|
| fixed length control field | 00794nam a22002177a 4500 |
| 005 - DATE AND TIME OF LATEST TRANSACTION | |
| control field | 20150605120316.0 |
| 008 - FIXED-LENGTH DATA ELEMENTS--GENERAL INFORMATION | |
| fixed length control field | 140714b xxu||||| |||| 00| 0 Urdu d |
| 010 ## - LCCN (DPL NO) | |
| LC control number | UR-9006 |
| 020 ## - INTERNATIONAL STANDARD BOOK NUMBER | |
| Terms of availability | 100.00. |
| 035 ## - SYSTEM CONTROL NUMBER | |
| System control number | U-7561 |
| 037 ## - SOURCE OF ACQUISITION | |
| Source of stock number/acquisition | BPPD/Pub/Ven |
| 040 ## - CATALOGING SOURCE | |
| Original cataloging agency | DPL |
| Language of cataloging | Urdu |
| 082 ## - DEWEY DECIMAL CLASSIFICATION NUMBER | |
| Classification number | 840 |
| 100 ## - MAIN ENTRY--PERSONAL NAME | |
| Personal name | فا ر و قی،عبد القا د ر غيا ث ا لد ين |
| 245 ## - TITLE STATEMENT | |
| Title | مينا ر ا د ب |
| Statement of responsibility, etc | فا ر و قی،عبد القا د ر غيا ث ا لد ين |
| 246 #h - VARYING FORM OF TITLE | |
| Title proper/short title | Minar-e- Adab |
| Remainder of title | by Dr. Abdulqadir GHayasuddin Farooqui |
| 260 ## - PUBLICATION, DISTRIBUTION, ETC. (IMPRINT) | |
| Name of publisher, distributor, etc | . Abdulqadir GHayasuddin Farooqui |
| Date of publication, distribution, etc | 2011 |
| Place of publication, distribution, etc | Benglore |
| 270 ## - ADDRESS | |
| Address | Book Wear No.85,1st floorNear J.C.Nagar,Police Station, |
| City | Benglore |
| Telephone number | 080-41491249 |
| Postal code | 6 |
| 300 ## - PHYSICAL DESCRIPTION | |
| Extent | 112-ص |
| Dimensions | 22Cm (Hb) |
| 942 ## - ADDED ENTRY ELEMENTS (KOHA) | |
| Source of classification or shelving scheme | Dewey Decimal Classification |
| Item type | Urdu Bks |
| Edition | |
| Classification part | 840 |
| Call number suffix | ف ا ر |
| Withdrawn status | Lost status | Source of classification or shelving scheme | Damaged status | Not for loan | Collection code | Home library | Current library | Date acquired | Source of acquisition | Cost, normal purchase price | Total Checkouts | Full call number | Barcode | Date last seen | Copy number | Cost, replacement price | Koha item type |
|---|---|---|---|---|---|---|---|---|---|---|---|---|---|---|---|---|---|
| Dewey Decimal Classification | Not For Loan | Non-fiction | D.B.Act.Division | D.B.Act.Division | 05/06/2015 | DBAD/Pub. | 100.00 | 840 ف ا ر | U-7561 | 05/06/2015 | 1 | 100.00 | Urdu Bks |
